00360nam a2200133 a 4500008004100000020001500041050001800056100001800074245006200092246001900154250001200173260003200185350000900217120416s0000 ||||||||||||||||| || u a0070549427 aQA 276.12 Ban aBanks, John A10aStudent solutions manual to accompany Sanders' statistics aa first course a5th ed. aNew YorkbMcGraw-Hillc1995 a0.00